[Event "Hastings 0203 78th"]
[Site "Hastings"]
[Date "2002.12.29"]
[Round "2"]
[White "Arkell, Keith C"]
[Black "McShane, Luke J"]
[Result "1-0"]
[WhiteElo "2521"]
[BlackElo "2546"]
[Annotator "Hazai,L"]
[PlyCount "129"]
[EventDate "2002.12.28"]
[EventType "tourn"]
[EventRounds "9"]
[EventCountry "ENG"]
[EventCategory "12"]
[SourceTitle "CBM 093"]
[Source "ChessBase"]
[SourceDate "2003.04.01"]
[SourceVersion "1"]
[SourceVersionDate "2003.04.01"]
[SourceQuality "1"]

1. d4 Nf6 2. Nf3 g6 3. b4 {This extravagant idea clearly attracted GM Arkell!}
Bg7 4. Bb2 O-O 5. Nbd2 (5. c4 d6 6. e3 {is the usual setup with King's Indian
Attack reversed where White's main plan is an advance on the << .} e5 7. Be2 {
- Meduna-Har Zvi, Lazne Bohdanec 1997 CBM 57} (7. Nc3 $143 {-
Anastasian-Fedorov, Dubai 2001 CBM 83}) (7. dxe5 {- Macieja-Gdanski, Warsaw
2002 CBM 89})) (5. e3 d6 6. c4 {- 5.c4}) 5... d6 (5... d5 {is a completely
other P structure, but Black can also fight for equalization here.} 6. e3 Bg4 (
6... Nbd7 7. Be2 c6 8. c4 a5 9. b5 a4 10. Rb1 cxb5 11. cxd5 Nxd5 12. Bxb5 Qa5
13. Be2 b5 {Black has an active counterplay on the <<, while White's chances
lie in the [+].} 14. O-O Ba6 $13 {K.Arkell-Bernard, Cannes 1998}) (6... b6 7.
b5 Bb7 8. c4 a6 9. a4 c6 10. bxc6 Nxc6 11. Be2 Na5 12. O-O dxc4 13. Nxc4 Bxf3
14. gxf3 Nxc4 15. Bxc4 b5 16. axb5 axb5 17. Be2 b4 $13 {K.Arkell-Bronstein,
Hastings 1995}) 7. h3 Bxf3 8. Nxf3 Qd6 9. a3 a5 10. b5 Nbd7 11. c4 c5 12. bxc6
bxc6 13. Be2 {1/2-1/2 K.Arkell-A.Fernandes, Birmingham 2002}) 6. e4 {This idea
looks too extravagant for me.} (6. e3 {may again lead to some King's Indian
Attack reversed positions, but only if Black is a partner in it.} c5 (6... Nbd7
7. Be2 e5 8. dxe5 Ng4 9. h3 Ngxe5 {in this structure b4 is only a structural
weakness.} 10. Rb1 Nb6 11. O-O Na4 12. Bd4 Nxf3+ 13. Nxf3 Nc3 $11 {K.
Arkell-Howell, Swansea 1995}) 7. bxc5 (7. dxc5 dxc5 $11 {
Alexandria-Chiburdanidze, Tbilisi m/2 1977 23/98}) 7... dxc5 8. c3 Nc6 9. Be2
Bf5 {Black has enough pressure against White's [+], the b2 B remains passive.}
10. O-O Rc8 $11 {K.Arkell-G.Hernandez, Balaguer 1997}) 6... Nbd7 (6... e5 7.
dxe5 Ng4 8. Rb1 Nxe5 9. Be2 Nbc6 10. b5 {This seriously weakens >< c5.} Nxf3+
11. Nxf3 Bxb2 12. Rxb2 Qf6 13. Rb1 Ne5 14. Nd4 Nd7 $1 {heading to c5!} 15. O-O
Nc5 $15 {K.Arkell-Kotronias, Gausdal 2002}) 7. Be2 Re8 (7... e5 8. dxe5 Ng4 $11
{is a similar idea as before.}) 8. O-O e5 9. d5 {Now White's B on b2 is
completely out of play.} Rf8 {The R on e8 is usually badly placed.} (9... Bh6
$13) (9... Nh5 10. g3) 10. Ne1 (10. c4 Nh5) 10... Bh6 11. f3 $2 {This
seriously weakens the dark squares.} (11. Bf3 {was less destructive.} Ne8 12.
c4 f5 $132) 11... Nh5 (11... Be3+ 12. Kh1 Nh5 13. g3) 12. Nd3 Nb6 (12... Be3+
$1 {immediately gave Black excellent chances, for example:} 13. Nf2 (13. Kh1 $2
Qh4 $19) 13... Nb6 14. Nc4 (14. c4 Qg5 $19) 14... Nxc4 15. Bxc4 Qg5 $40) 13.
Bc1 {Now White comes back to neutralize the pressure on the c1-h6 /^.} Be3+ 14.
Kh1 f5 ({or first} 14... Qg5 15. Qe1 {and then} f5 $36) 15. Nb3 Bxc1 (15... Qg5
16. Bxe3 Qxe3 $15) 16. Qxc1 f4 {Black has still good attacking chances, the
exchange of his "bad" B favours him.} (16... Qh4 17. Qe1) 17. Na5 Qh4 (17...
Ng3+ $2 {is premature in view of} 18. hxg3 fxg3 19. Qh6 $18) 18. Kg1 (18. Qe1
Ng3+ 19. Kg1 g5 $36) 18... g5 (18... Ng3 19. Re1) 19. Nf2 Nd7 (19... Ng3 $1 {
was strong and simple, for example:} 20. Re1 (20. hxg3 $2 fxg3 $19) 20... Nxe2+
21. Rxe2 g4 $40 {with good attacking chances on the g <->.}) 20. Nh1 {This is
a sad necessity.} (20. c4 Ndf6 21. c5 {is again answered by the standard} Ng3
$1 $40) 20... Ng7 {This retreat doesn't look very healthy.} (20... Ng3 $1 {
was still promising.} 21. hxg3 fxg3 22. Nxg3 Qxg3 23. Qe1 Qf4) 21. Qe1 Qh6 {
Black has to avoid the exchange of queens.} 22. Qc3 Ne8 (22... Rf7 {may lead
to a perpetual attack after} 23. Qxc7 Nc5 24. Qd8+ Rf8 $11) 23. Nf2 Ndf6 24. g3
Kh8 (24... Rf7 25. Kg2) 25. Kg2 fxg3 $2 {The following idea of a positional P
sacrifice allows White to consolidate his >>.} (25... Qg6 {/\ h5-g4 was still
at least comletely unclear.}) 26. hxg3 g4 27. fxg4 Rg8 (27... Qg5 28. Nc4 Rg8
29. Qe3) 28. Rh1 Qg5 29. Rh4 {and White has defended well everything.} Rg7 30.
Rd1 (30. Rah1) 30... c6 $6 {Black wants to fish in troubled waters but this
cannot be correct.} (30... Rb8) 31. dxc6 bxc6 32. Nxc6 ({Why not simply} 32.
Qxc6 Rb8 33. Qc3 $16 {with two pawns up?}) 32... Bb7 33. b5 Rc8 34. Qd2 $6 ({
Still} 34. Qf3 Bxc6 35. bxc6 Rxc6 36. Nh3 Qg6 37. g5 Ng8 38. Qb3 $16 {gave
White the |^ with an extra P.}) 34... Bxc6 35. bxc6 Rxc6 36. Qxg5 Rxg5 37. c4 {
White's B is very passive and Black has good blockading chances on the dark
squares.} (37. Nh3 Rg7 38. g5 Nd7) 37... Nc7 38. Nh3 Rg7 39. g5 Nd7 40. Rb1 Nb6
$6 (40... Rb6 $11 {was simple and good. The N belongs to c5.}) 41. Rh6 Kg8 42.
a4 Kf7 $6 (42... Nxa4 {was lesser evil.} 43. Rb8+ Kf7 44. Rh8 Nc5 45. Bh5+ Ke7
46. R6xh7 N7e6 {with some chances holding the last fortress on g7.}) 43. a5 Nd7
(43... Nxc4 44. Bxc4+ Rxc4 45. Rb7 $16 {with penetration on the 7-th rank.})
44. Bg4 Ke7 (44... Nc5 45. Bf5 $16) 45. Bf5 Rxc4 46. Rb7 a6 47. Bxh7 {and now
Black has no defence against the advance of o^.} Nb5 48. Bf5 Rc7 49. Re6+ Kd8
50. Rxc7 Kxc7 51. g6 $18 Kc6 52. Re8 Nc7 53. Rc8 Nc5 54. Ng5 d5 55. exd5+ Kxd5
56. Kf3 Nb3 57. Rd8+ Kc6 58. Nf7 Nxa5 59. Nxe5+ Kb6 60. Rd6+ Kb7 61. Rd7 Rg8
62. g7 Nc6 63. Be4 Kc8 64. Bxc6 Ne8 65. Ra7 1-0

[Event "Olympiad-36"]
[Site "Mallorca"]
[Date "2004.10.22"]
[Round "7"]
[White "Paragua, Mark"]
[Black "Krasenkow, Michal"]
[Result "1/2-1/2"]
[WhiteElo "2534"]
[BlackElo "2676"]
[Annotator "Hazai,L"]
[PlyCount "80"]
[EventDate "2004.10.15"]
[EventType "team-swiss"]
[EventRounds "14"]
[EventCountry "ESP"]
[SourceTitle "CBM 104"]
[Source "ChessBase"]
[SourceDate "2005.01.27"]
[SourceVersion "1"]
[SourceVersionDate "2005.01.27"]
[SourceQuality "1"]
[WhiteTeam "Philippines"]
[BlackTeam "Poland"]
[WhiteTeamCountry "PHI"]
[BlackTeamCountry "POL"]

1. d4 Nf6 2. Nf3 g6 3. Bg5 Ne4 (3... Bg7 {is the natural main line.}) 4. Bf4 (
4. Bh4) 4... d5 {This may easily lead to the Queen's Pawn opening, where the
extra Ne4 can be good for Black.} (4... Bg7) 5. e3 c5 (5... Bg7 {D03}) 6. c3 (
6. Be5 f6 7. Bxb8 {is a sophysticated idea, the loss of the ^^ is not fully
compensated by the loss of castles.} Rxb8 8. Bb5+ Kf7 9. Bd3 Qb6 10. Qc1 Bg4
11. dxc5 Nxc5 12. Be2 e5 {and Black grabs the |^ in the [+].} 13. O-O Kg7 14.
Rd1 Rd8 15. Nc3 Be6 $15 {Bronstein-Aronin, Moscow 1959}) 6... Qb6 (6... Nc6 7.
Nbd2 cxd4 8. Nxe4 $1 dxe4 9. Nxd4 Qb6 $1 {otherwise White can easily get a
better _|_:} (9... Bg7 {Vaganian} 10. Nxc6 Qxd1+ 11. Rxd1 bxc6 12. Bc7 $16) (
9... Nxd4 {Vaganian} 10. Qxd4 Qxd4 11. cxd4 $16) (9... Bd7 {Vaganian} 10. Qb3
$16) 10. Nxc6 {(Ritov-Vaganian, Tallinn 27/109 1979)} bxc6 {Vaganian} 11. Qb3
$11 (11. Qd4 Qxb2 $1 {is the brave solution.} 12. Rd1 f6 13. Qd8+ (13. Bc4 Qb6)
13... Kf7 14. Bc4+ Kg7 $13)) 7. Qb3 c4 8. Qxb6 axb6 9. Na3 Bd7 ({The sharp} 
9... e5 $5 {deserves attention, for example:} 10. Nb5 (10. Bxe5 Bxa3 11. bxa3
f6 12. Bxb8 Rxb8 13. Rc1 Ra8 14. Nd2 Nxd2 15. Kxd2 Rxa3 $132) 10... exf4 11.
Nc7+ Kd8 12. Nxa8 fxe3 13. fxe3 b5 14. Nb6 Be6 {and the N on b6 is still in
trouble.}) 10. Bxc4 (10. Ne5 $5 {is the other way for getting 3 pawns for the
piece.} e6 (10... g5 11. f3 gxf4 12. fxe4 e6 13. Nc2 fxe3 14. Nxe3 Bh6 15. Kf2
$14) 11. Naxc4 (11. Nc2 g5) (11. Nxd7 Bxa3) 11... dxc4 12. Nxc4 b5 13. Nb6 Ra6
14. Nxd7 Nxd7 15. Bxb5 $44 {Here White's P structure is very flexible.}) 10...
dxc4 (10... e6 $2 11. Nb5 $16) 11. Nxc4 e6 12. Bxb8 $1 (12. Nxb6 Ra6 13. Nxd7
Nxd7 $13) 12... Rxb8 13. Nxb6 {White's play is based on the blockading N on b6.
} Bb5 (13... Bc6 14. Ne5) 14. a4 Ba6 15. b4 {This is the most promising
continuation.} (15. Ne5 Bd6) 15... Nxc3 16. b5 Nxa4 (16... Nxb5 17. axb5 Bxb5 {
- 16...Na4}) (16... Bb4 17. O-O) 17. Rxa4 Bxb5 18. Ra1 (18. Ra2) 18... Bd6 (
18... Bb4+ 19. Kd1 Bc6) 19. Rb1 (19. Kd2 Bb4+ 20. Kc2) 19... Ba6 {The B is out
of play here. Black's ^^ is not so effective now, the N on b6 kills both rooks,
while White can improve his position in the [+] with his mobile pawns.} (19...
Bc6) 20. Kd2 Ke7 (20... f6 21. Rhc1 Ke7 {- 20...Ke7}) 21. Rhc1 (21. Ng5 $5 {
/\ Ne4 deserved attention.} f5 22. f4) 21... Rhd8 (21... f6 22. Rc3 Rhd8 23. e4
) 22. Ke1 (22. Ng5 {was again a serious alternative.}) 22... f6 (22... Bd3 {
activating the "forgotten" B was promising.} 23. Rb3 Be4) 23. Rc3 g5 24. h3 h5
25. Nd2 (25. h4 g4 26. Nd2 {- 25.Nd2}) 25... g4 (25... e5 26. d5 {White has to
close the position for his knights.} f5 27. e4 f4 28. Ndc4 $16 (28. Rbc1 g4 29.
Nc8+ Kf6 30. Nxd6 Rxd6 31. h4 $14)) 26. h4 (26. hxg4 hxg4 27. Ne4 {deserved
attention, because the <-> is not that scary:} Rh8 28. Kd2) 26... f5 (26... e5
{is again met by the closing move} 27. d5 (27. Ne4 exd4 28. exd4 Bf4) 27... f5
28. e4 f4 29. Rbc1 $14) 27. Ndc4 Bxc4 28. Nxc4 {Leaving the successful
blockade was not compulsory.} (28. Rxc4 $1 Kf6 29. g3 $14 {and still the b6 N
paralyses the rooks.}) 28... Rdc8 (28... b5 $1 {deserved attention, because on}
29. Na5 {follows} Kd7 30. Nc6 Rbc8 {with a nasty pin.}) 29. Kd2 Rc6 (29... b5
$2 {is already late because of} 30. Nxd6 Kxd6 (30... Rxc3 $2 31. Nxf5+ $18) 31.
Rxc8 Rxc8 32. Rxb5 {wins the P.}) 30. Rb5 (30. Na5 Ra6 31. Nxb7 {allows the
pin on the b <->, but is it fatal?}) 30... Bc7 31. Kd3 b6 32. Ra3 (32. e4 $14)
32... Kf6 33. Ra7 Rc8 34. Ra4 {White doesn't find a clear-cut plan for an
advance.} Bd8 35. g3 Bc7 36. Rb3 Kg6 37. Rab4 $2 {losing the a <-> throws away
the advantage.} (37. Rb5 {was still better, although a breakthrough is not
easy to find.}) 37... Ra8 $1 {Now finally Black has activated one of his rooks,
and this gives him enough counterplay.} 38. Rb2 (38. Nxb6 $2 Ra2) 38... Ra6 39.
Rb5 Kf6 40. R5b4 Kg6 1/2-1/2

[Event "Moscow Aeroflot op"]
[Site "Moscow"]
[Date "2002.02.07"]
[Round "4"]
[White "Ehlvest, Jaan"]
[Black "Eljanov, Pavel"]
[Result "1/2-1/2"]
[WhiteElo "2589"]
[BlackElo "2540"]
[Annotator "Hazai,L"]
[PlyCount "61"]
[EventDate "2002.02.04"]
[EventType "swiss"]
[EventRounds "9"]
[EventCountry "RUS"]
[SourceTitle "CBM 088"]
[Source "ChessBase"]
[SourceDate "2002.03.21"]
[SourceVersion "1"]
[SourceVersionDate "2002.03.21"]
[SourceQuality "1"]

1. d4 Nf6 2. Nf3 g6 3. Bg5 Bg7 4. e3 c5 5. c3 b6 6. Nbd2 ({White cannot grab a
P without punishment:} 6. dxc5 bxc5 7. Bxf6 Bxf6 8. Qd5 Qb6 9. Qxa8 O-O 10.
Nbd2 Nc6 11. Nc4 Qc7 12. Rd1 Bb7 13. Qxf8+ Kxf8 $13 {Giessmann-Jirovsky,
Bayern 2000}) 6... Bb7 7. Bd3 {White wants to control the vital e4 square, and
play e3-e4 in case. However the B is more vulnerable here than on e2.} (7. Be2
{and}) (7. Bc4 {are the alternatives here.}) 7... d6 8. O-O O-O {By the way
this is a Reti Opening reversed with an extra tempo for White!} 9. Re1 {
White continues his preparation of e3-e4.} (9. a4 {is another idea threatening
with a4-a5 in case.} a6 {looks more flexible.} (9... Nc6 $143 {defends against
this threat, at least temporarily. However the N is not very well-placed here
closing the long /^ and the c <->.} 10. Nb3 (10. Qb1 cxd4 11. exd4 Qc7 12. Qa2
$5 {This is the continuation of a sophysticated manoeuvre.} e5 {If White
ignores it completely than it is Black who grabs the |^ in the [+].} 13. dxe5
dxe5 14. Bxf6 Bxf6 15. Rad1 Rad8 16. Qc4 $11 {Psakhis-Oratovsky, Israel ch
1994 62/59}) (10. Re1 {- 9.Re1}) 10... a6 11. Nfd2 $1 (11. a5 $5 {immediately
is another consequent plan.} Nxa5 12. Nxa5 bxa5 13. Nd2 {/\ Nb3xa5 and Black's
P formation on the << is weakened.}) 11... Qc7 12. f4 {Suddenly White changes
the course of the game and builds up a Stone-Wall structure, where his
dark-squared B is not passive as on c1.} e6 (12... Nd5 $2 13. f5 {This is the
beginning of an original >> ->.} cxd4 (13... h6 14. fxg6 hxg5 15. gxf7+ Rxf7
16. Rxf7 Kxf7 17. Qh5+ $18) (13... f6 14. e4 $16) 14. exd4 $16 {
Golubenko-Yrjola, Estonia 1993 58/(84)}) 13. Qe1 $14 {with strong Stone-Wall
remininscences, Golubenko.}) 10. Re1 Nbd7 {This is the natural square for the
N keeping the harmony of the black pieces.} (10... Nc6 {is however better here
than before.}) 11. e4 $5 {deserves attention.} (11. b4 {is not a big deal,
because Black can grab the c <->.} cxb4 12. cxb4 Rc8 13. Ra3 Rc7 $1 {/\ Qa8
and Rfc8 is the well-known plan from the Reti Opening.} 14. e4 Qa8 15. Qb1 Rfc8
$13 {Bagheri-Bojkov, Golden Sands 2000})) (9. b4 Nbd7 (9... cxb4 {deserves
attention trying to exchange the rooks on the c <->.} 10. cxb4 Nbd7 11. Qb3 Rc8
12. Rfc1 Rxc1+ 13. Rxc1 Qa8) 10. bxc5 bxc5 11. Rb1 {This is the precise move
order.} (11. Qa4 Nb6 12. Qa3 (12. Qa5 Nbd5 $1 {is the big difference!}) 12...
Qc7 13. Rab1 Rfc8 14. Rfc1 h6 15. Bxf6 Bxf6 16. Ne4 Bg7 $13 {Pietzsch-Smyslov,
Havana 1965}) 11... Qc7 12. Qa4 Bc6 $11 {Miles} (12... e5 $6 {is a typical
strategical mistake in view of} 13. dxe5 dxe5 14. e4 $14 {and the weaknesses
of the light squares in Black's camp begins to tell.} Nb6 15. Qa5 Qd6 16. Bxf6
{This is a useful exchange, because finally the passive dark-squared B remains
for Black.} Bxf6 17. Ba6 Bc6 18. Bb5 Bb7 {Black has to keep his light-squared
B, otherwise he is strategically almost lost.} 19. Rfe1 g5 {Desperation?} 20.
Nc4 $16 {Miles-Watson, New York 1987 43/61}) (12... Nb6 13. Qa5)) (9. Qe2 {
White puts pressure on the f1-a6 /^ and prepares e4, but then the Q is more
vulnerable.} Nbd7 (9... Nc6 $143 {is again not so esthetic.} 10. Rfd1 (10. a3
h6 11. Bh4 Re8 12. Bxf6 {White has suddenly changed his mind, but this
exchange is useful only in case of e7-e5.} Bxf6 13. Ba6 Bxa6 14. Qxa6 Qc7 15.
Qd3 Rac8 16. Ne4 Bg7 17. d5 Na5 $13 {Straeter-Uhlmann, Germany 2000}) (10. Rad1
h6 11. Bh4 Rc8 (11... cxd4 $5 12. exd4 (12. cxd4 $143 Nb4 {and we see the
bright side of 9...Nc6.}) 12... Nh5 {This is a typical reaction threatening
with Nf4.} 13. Qe3 g5 14. Bg3 {and although the >> is a bit weakened, Black
will get the ^^.}) 12. Rfe1 Qc7 13. e4 {White didn't want to bother with
preparations anymore.} (13. a3 {he had yet in his petto against Nb4.}) 13...
cxd4 14. cxd4 Nb4 $5 {looks more to the point using the c <-> for counterplay.}
(14... Nh5 15. Qe3 e5 (15... g5 $5) 16. Nb3 Nf4 17. Bb1 $14 {Zvezdin-A.Sokolov,
Simferopol 1989}) 15. Bb1 Nc2) 10... cxd4 (10... h6 11. Bh4 Qc7 12. Rac1 {
This is a better setup for the rooks than the previous one.} Rfe8 13. a3 (13.
e4) 13... e5 14. dxe5 dxe5 15. Bxf6 $1 {Now it is time to exchange the N and
fight for the light squares.} (15. e4 {allows the annoying} Nh5 $132 {
Maiwald-Uhlmann, Germany 2000}) 15... Bxf6 16. e4 $14) 11. exd4 $5 {looks more
natural.} (11. cxd4 {is again met by Nb4.} h6 {If the N will stand on d5, he
has to answer e3-e4 with Nf4!} (11... Nb4) 12. Bh4 Nb4 13. Bc4 a6 {/\ b5} 14.
Bb3 Rc8 15. Rac1 b5 16. a3 Nbd5 $11 {Hort-Smyslov, Wijk aan Zee 1972}) 11... h6
12. Bh4 Nh5 {/\ Nf4} 13. Qe3 $14) 10. Rfd1 (10. Ba6 Qc8 {The exchange of the
light-squared B is not against Black, his Q controls also the long /^.} 11.
Bxb7 Qxb7 $11) 10... h6 (10... a6 11. a4 Qc7 {is the typical "Reti" setup.})
11. Bf4 Re8 12. Ba6 Qc8 13. Bxb7 Qxb7 {The exchange of the B is a threat in
the Reti, because then Black can fully equalize. In order to get an advantage
the situation is completely different.} 14. e4 cxd4 15. cxd4 Nh5 16. Qe3 {
Sad, but true.} (16. Be3 Ndf6) 16... g5 (16... Nxf4 17. Qxf4 Rac8) 17. Bg3 Nxg3
18. hxg3 Rac8 $11 {Kharitonov-Van Mil, Eindhoven 1986}) (9. e4 $5 h6 10. Bh4
Nbd7) 9... Nc6 {As it was mentioned before, the natural square for the N is on
d7.} (9... cxd4 10. exd4 Nbd7 11. a4 h6 $11 {Salov-Svidler, St. Petersburg 1997
}) (9... Nbd7 10. e4 cxd4 11. cxd4 (11. Nxd4 {is not logical, because White's
central advantage vanishes.} Rc8 12. a4 a6 13. Qe2 Nc5 14. Bc2 Qc7 $11 {
Svorjov-Rytshagov, Salokangas 1996}) 11... h6 12. Bh4 g5 13. Bg3 Nh5 $11 {
^^, Stanec-Brendel, Vienna 1996.}) 10. a4 {/\ Nb3, a4-a5} (10. e4 {in a way
justifies the Nc6 move, there is some pressure on the weakened dark squares.}
cxd4 11. cxd4 Rc8 12. a3 h6 13. Bxf6 Bxf6 14. Nb3 Bg7 15. Qe2 e6 $11 {
Pezerovic-Heinig, Germany 1994}) 10... Rc8 {This is not so necessary.} (10...
Qc7 11. Nb3 Nd8 {is a better reduction of the game.}) 11. Qe2 (11. Nb3 {
was possible without any preparation.} Rc7 12. a5) 11... Rc7 12. Nb3 Qc8 $1 13.
a5 Nd8 $1 {Opening up the long /^, the c <-> and threatening Ne6.} 14. Nbd2 {
White wants to avoid the fork by c5-c4.} (14. Nfd2 $5 Ne6 15. Bh4) 14... cxd4
15. axb6 axb6 16. cxd4 (16. exd4 {allows Black to activate his knights in the 
[+].} Ne6 17. Be3 Nd5 $13) 16... Nd5 17. Nc4 $6 {overlooking the following
tactical possibility, otherwise he would have tried} (17. Bc4 Ne6 18. Bh4 Nb4
19. Ra4) 17... Ne6 18. Na3 ({The natural} 18. Bh4 {is strongly answered by}
Ndf4 $1 19. exf4 Nxf4 20. Qe3 Nxd3 21. Qxd3 Rxc4 22. Bxe7 Re8 23. Bxd6 Rxe1+
24. Rxe1 Bxf3 $11) 18... Nxg5 ({or simply} 18... Nb4 {first.}) 19. Nxg5 Nb4 $11
{Now Black has the ^^, and the white knights are also badly placed.} 20. Bb1 (
20. Be4 h6 21. Bxb7 Qxb7 22. Qd2 $11) 20... Qd7 21. Nb5 Rcc8 22. Nc3 e5 {
This was not necessary at all, but even now White has not much.} 23. dxe5 Bxe5
{The isolated d P is a handycap, but White is far from blockading it properly.}
24. Ra3 Rc5 25. Nce4 Ra5 26. Rd1 Qe7 27. Nf3 d5 28. Rxa5 bxa5 29. Nc3 Rd8 30.
Nxe5 Qxe5 31. Qd2 1/2-1/2

[Event "Athens Acropolis"]
[Site "Athens"]
[Date "2003.08.25"]
[Round "1"]
[White "Tzermiadianos, Andreas"]
[Black "Kotronias, Vasilios"]
[Result "1/2-1/2"]
[WhiteElo "2418"]
[BlackElo "2602"]
[Annotator "Hazai,L"]
[PlyCount "52"]
[EventDate "2003.08.25"]
[EventType "tourn"]
[EventRounds "9"]
[EventCountry "GRE"]
[EventCategory "12"]
[SourceTitle "CBM 097"]
[Source "ChessBase"]
[SourceDate "2003.11.11"]
[SourceVersion "1"]
[SourceVersionDate "2003.11.11"]
[SourceQuality "1"]

1. d4 Nf6 2. Nf3 g6 3. Bg5 Bg7 4. c3 d6 5. Nbd2 O-O 6. e4 c5 7. dxc5 dxc5 8.
Bc4 Nc6 9. Qe2 (9. a4 $6 {- Ka.Muller-McShane, Lippstadt 2000 CBM 78}) (9. O-O
{- Dreev-Ye Jiangchuan, Dubai rapid 2002 CBM 89}) 9... Qc7 10. e5 {This
aggressive continuation is not in the spirit of this positional variation.} (
10. h3 h6 11. Be3 Nh5 (11... b6 {Dolmatov}) 12. Nh2 b5 $1 13. Bxb5 Nd4 $1 $44
14. cxd4 cxd4 15. O-O dxe3 16. Qxe3 Rb8 $15 {Zhu Chen-Kudrin, Beijing 1998 77/
(67)}) (10. O-O {- Van Wely-Leko, Tilburg 1996 CBM 56}) (10. Qe3 $5 b6 (10...
Ng4 11. Qxc5 b6 12. Qa3 $14) 11. h3 {+/= Dolmatov}) 10... Nh5 (10... Ng4 {
deserves attention as well.} 11. e6 f6 (11... f5 12. g3 b6 13. Bf4 Qd8 14.
O-O-O $16 {De Castro-Douthwaite, Toronto 1993}) 12. Bh4 f5 {This looks more
precise then the immediate} (12... Nge5 {Dolmatov} 13. Bg3 $16) 13. O-O-O Nge5
14. Bd5 Rd8 15. Nc4 Rxd5 $1 16. Rxd5 Nxc4 17. Qxc4 Bxe6 18. Qxc5 Bxd5 19. Qxd5+
Kh8 20. Qe6 (20. Ng5 Qf4+ 21. Kb1 {is strongly met by} Bxc3 $1 22. Nf7+ Kg7 $15
) 20... Qc8 (20... Rd8 21. Ng5 Bh6 22. Kb1 Bxg5 23. Bxg5 Qd6 24. Qe3 $14) 21.
Re1 Qxe6 22. Rxe6 Kg8 {+/=/=}) 11. O-O-O (11. e6 f6 (11... f5 $5 {is also
interesting.}) 12. Be3 {is now met by} Nf4 13. Bxf4 Qxf4) 11... h6 12. Be3 Nxe5
13. Nxe5 Qxe5 14. g4 {White has some compensation but definitely not more than
that.} Nf6 (14... Nf4 15. Qf3 Ne6 16. h4 $44) 15. f4 Qc7 16. f5 (16. Rhg1 a6
17. g5 hxg5 18. fxg5 Nh5 {and the >> is well-defended against any opening of
lines.}) 16... b5 {Black wants to create some counterplay on the other flank
and gives back the P.} ({accepting the second P sacrifice by} 16... gxf5 17.
gxf5 Bxf5 {allows} 18. Rhg1 $44 {with nasty threats on the g <->.}) (16... g5 {
is strongly met by} 17. h4 $40 {and the opening of a <-> cannot be avoided.})
17. Bxb5 Bb7 18. Rhg1 Nd5 19. Bc4 g5 {Now the R is on g1!} (19... Nxe3 20. Qxe3
Kh7 21. h4) 20. h4 Nxe3 21. Qxe3 Bf6 {Black can hold the dark squares.} 22. Ne4
Bxe4 23. Qxe4 {^-} Rad8 24. hxg5 hxg5 (24... Bxg5+ 25. Kb1 Qf4 26. Qe2) 25.
Rxd8 Rxd8 26. Rd1 Qf4+ {and the ^- _|_ is fairly drawish.} 1/2-1/2